00777nam a2200169 a 450000100100000000500170001000800410002704000250006808200130009311000510010624502180015726000580037530000200043359000260045395201110047999900170059000004903020240307073949.0150612s2004 dr 000 0 spa d aDO-SdBNPbspacBNPHU axxxbxxx1 aUniversidad Autónoma de Santo Domingo97295110aReglamento para el Consejo Directivo de la Facultad de Humanidades :baprobada su modificación en fecha 31 de julio del 2003 mediante resolución num. 132-03 Resolución no. 03-03, fecha 19 de noviembre, 2003. aSanto Domingo, República Dominicana :bUASD,c2004. a19 p. ;c21 cm. aInventariado, 2019/VM 0010718PDaPDbPDcHDd2019-07-15iLF2l0oxxx xxxp49031-10r2020-06-25w2020-06-25yLFPDZNo se presta c48518d48518